Power to the arbitrator (Record no. 83363)
[ view plain ]
| 000 -LEADER | |
|---|---|
| fixed length control field | 01024cab a22002295a 4500 |
| 001 - CONTROL NUMBER | |
| control field | L153760 |
| 008 - FIXED-LENGTH DATA ELEMENTS--GENERAL INFORMATION | |
| fixed length control field | 110825e20110820xxk 000 0 eng d |
| 035 ## - SYSTEM CONTROL NUMBER | |
| System control number | (Sirsi) u153760 |
| 041 0# - LANGUAGE CODE | |
| Language code of text/sound track or separate title | eng |
| 100 1# - MAIN ENTRY--PERSONAL NAME | |
| Personal name | Waltham, Anne |
| 245 00 - TITLE STATEMENT | |
| Title | Power to the arbitrator |
| 260 ## - PUBLICATION, DISTRIBUTION, ETC. | |
| Date of publication, distribution, etc. | 2011 |
| 490 ## - SERIES STATEMENT | |
| Series statement | Estates Gazette |
| Volume/sequential designation | (1133) 20 August 2011, 60-61(2) |
| 520 ## - SUMMARY, ETC. | |
| Summary, etc. | Examines the issues created by the decision in 'Cordoba v Ballymore', where the tenants applied to challenge a rent review arbitration award. The decision further illustrates the policy behind the Arbitration Act 1996 to restrict court intervention in disputes where the parties have agreed to arbitrate unless an aspect has gone severely wrong, |
| 590 ## - LOCAL NOTE (RLIN) | |
| Local note | KA |
| 650 24 - SUBJECT ADDED ENTRY--TOPICAL TERM | |
| Topical term or geographic name entry element | Cordoba Holdings Ltd v Ballymore Properties Ltd |
| 650 24 - SUBJECT ADDED ENTRY--TOPICAL TERM | |
| Topical term or geographic name entry element | ARBITRATION ACT 1996 |
| 651 #4 - SUBJECT ADDED ENTRY--GEOGRAPHIC NAME | |
| Geographic name | England and Wales |
| Chronological subdivision | 1543- |
| 690 ## - LOCAL SUBJECT ADDED ENTRY--TOPICAL TERM (OCLC, RLIN) | |
| Topical term or geographic name as entry element | MANAGEMENT-DISPUTE AVOIDANCE, MANAGEMENT AND RESOLUTION-DISPUTE MANAGEMENT AND RESOLUTION-ARBITRATION |
| 700 1# - ADDED ENTRY--PERSONAL NAME | |
| Personal name | Barker, Paul |
| 942 ## - ADDED ENTRY ELEMENTS (KOHA) | |
| Suppress in OPAC | 0 |
| Withdrawn status | Lost status | Source of classification or shelving scheme | Damaged status | Not for loan | Home library | Current library | Shelving location | Date acquired | Total Checkouts | Full call number | Barcode | Date last seen | Copy number | Price effective from | Koha item type |
|---|---|---|---|---|---|---|---|---|---|---|---|---|---|---|---|
| Dewey Decimal Classification | London | London | Books | 25/08/2011 | L153760 | 153760-1001 | 06/08/2019 | 1 | 06/08/2019 | Journal article |